000 00585nam a2200193Ia 4500
005 20260120131848.0
008 008 260114s9999 xx 000 0 eng d
020 _a9781383036619
037 _aEBOOK
040 _aCRL
_beng
_cCRL
041 _aeng
_2eng
084 _qCRL
100 _aSwift
_9932098
245 0 _aGender, Writing, and Performance: Men Defending Women in Late Medieval France (1440-1538)
260 _bOxford University PressOxford University Press
_c2023
856 _uhttps://academic.oup.com/book/48791
942 _cEBOOK
999 _c1524020
_d1524020